All-Time New England Patriots - Statistics

General Stats
  • This quiz has been taken 280 times
  • The average score is 7 of 15
Answer Stats
Position Answer % Correct
QB Brady
100%
TE Gronkowski
85%
WR Moss
83%
WR Welker
62%
CB Law
49%
DT Wilfork
47%
G Hannah
36%
LB Bruschi
34%
K Vinatieri
34%
HB Martin
29%
LB Harrison
27%
C Light
23%
S Brown
20%
DE McGinest
16%
T Armstrong
12%
No matching quizzes found
Score Distribution
Percent of People with Each Score
Percentile by Number Answered
Your Score History
You have not taken this quiz